[Event "Wasa op U20 1600+"]
[Site "Wasa"]
[Date "2020.09.26"]
[Round "2"]
[White "Enholm, Herman"]
[Black "Isaksson, Philip"]
[Result "1-0"]
[WhiteElo "1629"]
[BlackElo "1743"]
[PlyCount "97"]
[EventDate "2020.09.11"]
[EventType "swiss"]
[EventRounds "5"]
[EventCountry "SWE"]
[SourceTitle "EXT 2023"]
[Source "ChessBase"]
[SourceDate "2022.10.05"]
[SourceVersion "1"]
[SourceVersionDate "2022.10.05"]
[SourceQuality "1"]
[WhiteTeam "Sweden"]
[BlackTeam "Sweden"]
[WhiteTeamCountry "SWE"]
[BlackTeamCountry "SWE"]

1. d4 d5 2. c4 e6 3. Nc3 Nf6 4. cxd5 exd5 5. Bg5 Be7 6. e3 0-0 7. Bd3 Re8 8. Nge2 h6 9. Bf4 c6 10. 0-0 Bf8 11. Qc2 Nh5 12. Bg3 Nd7 13. Rab1 Nxg3 14. Nxg3 Nf6 15. b4 h5 16. b5 h4 17. Nge2 Bd6 18. bxc6 bxc6 19. Rfc1 Ng4 20. h3 Nxf2 21. Kxf2 Qf6+ 22. Kg1 Qg5 23. Rf1 Qxe3+ 24. Kh1 Bxh3 25. Rf3 Bxg2+ 26. Kxg2 Qg5+ 27. Kh1 Qg4 28. Rbf1 h3 29. R3f2 Re3 30. Bf5 Qg5 31. Rg1 Qh4 32. Rff1 h2 33. Rg2 Rae8 34. Qd2 g6 35. Bc2 Qh3 36. Nd1 Rf3 37. Rxf3 Qxf3 38. Qe1 Bg3 39. Qxg3 Qf1+ 40. Ng1 hxg1Q+ 41. Rxg1 Qf6 42. Nf2 Qh8+ 43. Qh2 Qxd4 44. Bxg6 fxg6 45. Rxg6+ Kf8 46. Qh6+ Ke7 47. Qh7+ Kd8 48. Rd6+ Kc8 49. Qd7+ 1-0